000 01130nam a22003257 4500
003 CHAP
005 20220817044441.0
008 110526s2006 it ab rn 00010 eng d
010 _a101315
011 _a102287
020 _a9251054827
035 _a112975
040 _cCHAP
082 0 4 _a630.711
_bF21y
110 2 _aFAO
245 1 0 _aInformation and communication for natural resource management in agriculture :
_ba training sourcebook
_c/por FAO
260 _aRome :
_bFAO,
_c2006
300 _avii, 301 p. :
_bilus.
590 _aBATCH-UPD
_b10
_c20130110
_lUCH01
_h1644
590 _aBATCH-UPD
_b10
_c20130410
_lUCH01
_h1034
590 _aBATCH-UPD
_b10
_c20130914
_lUCH01
_h1024
590 _aCONVERSION
_b10
_c20130109
_lUCH01
_h1356
650 1 4 _aComunicación en agricultura.
_926212
650 1 4 _aComunicación en agricultura
_zCambodia.
_926213
650 1 4 _aRecursos naturales
_xConservación.
710 2 2 _aUniversity of the Philippines at Los Baños.
_bDevelopment Communication
_9116768
901 _aBK
942 _cLIBRO
949 _a630.711 F21y
_bBC
_cFAO
_d33724002098579
_eFAO1
_gDonaciØn
_h115017
_i112975
_sb
999 _c101315
_d101315